000 00985nam a2200313 4500
001 46148
010 _a9789720049421
010 _a9789720031198
021 _b420784/17
021 _b446625/18
090 _a46148
100 _a20171130e20172018m y0pory50030103ba
101 0 _apor
102 _aPT
200 1 _aQuinta-feira e outros dias
_fAníbal Cavaco Silva
205 _a1.ª ed.
210 9 _aPorto
_cPorto Editora,
_d2017-2018
215 _a2 v.
_cil.
_d24 cm
327 1 _a2<U+00BA> v.: Da coliga—cão à "geringon—ca". - 2018. - 534, [48] p.
517 1 _a Da coliga—cão à "geringon—ca"
675 _a32(469)
675 _a32Silva, Cavaco
_vBN
_zpor
675 _a342.51Silva, Cavaco
_vBN
_zpor
675 _a323(469)"2006/2016"
_vBN
_zpor
675 _a821.134.3-94"19/20"
_vBN
_zpor
700 1 _aSilva,
_bCavaco,
_f1939-
801 0 _aPT
_bBN
_gRPC
856 4 1 _uhttp://rnod.bnportugal.gov.pt/ImagesBN/winlibimg.aspx?skey=&doc=1977509&img=102719&save=true
990 _cLIVROS